000 00829nam a2200217 a 4500
008 120416s1998 ||||||||||||||||| || u
020 _a9970021354
050 _aJC 491 Ond
100 _aAmaza, Ondoga ori, d. 1995
245 1 0 _aMuseveni's long match from guerrilla to statesman
246 _aMuseveni's long march
260 _aKampala
_bFountain Publishers
_c1998
300 _axxi, 263p. : ill.
350 _a0.00
500 _aIncludes bibliographical references (p.256-258) and index.
650 _aInsurgency--Uganda--History--20th century
650 _aPOLITICS
650 _aUGANDA--POLITICS AND GOVERNMENT--1979-
650 _aMuseveni, Yoweri, 1944-
995 _D0.00
_FCBU-MAIN LIBRARY (Kitwe)
_H1
_I13.95
_M1
_UAVAILABLE
_ZAnnex Low-Usage Collection
999 _c51829
_d51829